| 000 | 00639cam a2200229 a 4500 | ||
|---|---|---|---|
| 001 | 3419867 | ||
| 005 | 20180104083343.0 | ||
| 008 | 900216s1986 enka b 001 0 eng c | ||
| 010 | _a 90119676 | ||
| 020 | _a0710802390 | ||
| 020 | _a0710802447 (pbk.) | ||
| 040 |
_aMH _cMH _dDLC |
||
| 041 | _aeng | ||
| 080 | _a33 JER | ||
| 082 | _233 JEF | ||
| 100 | 1 | _a59 | |
| 101 | _aECO | ||
| 245 | 1 | 4 |
_aThe new Keynesian economics : _cJeff Frank. |
| 504 | _aIncludes bibliographical references (p. 273-278) and index. | ||
| 906 |
_a7 _bcbc _corignew _du _encip _f19 _gy-gencatlg |
||
| 942 |
_2ddc _cBK |
||
| 999 |
_c39762 _d39762 |
||